Calculus for business, economics, and the social and life sciences (4th ed.) (Record no. 77997)

MARC details
000 -LEADER
fixed length control field 01001nam a2200205 a 4500
008 - FIXED-LENGTH DATA ELEMENTS--GENERAL INFORMATION
fixed length control field 120416s1989 ||||||||||||||||| || u
020 ## - INTERNATIONAL STANDARD BOOK NUMBER
International Standard Book Number 0070293341
050 ## - LIBRARY OF CONGRESS CALL NUMBER
Classification number QA 303 Hof
100 ## - MAIN ENTRY--PERSONAL NAME
Personal name Hoffmann, Laurence D
245 10 - TITLE STATEMENT
Title Calculus for business, economics, and the social and life sciences (4th ed.)
250 ## - EDITION STATEMENT
Edition statement 4th. ed
260 ## - PUBLICATION, DISTRIBUTION, ETC.
Place of publication, distribution, etc. New York
Name of publisher, distributor, etc. McGraw-Hill
Date of publication, distribution, etc. 1989
300 ## - PHYSICAL DESCRIPTION
Extent xiii, 748p. : ill.
350 ## -
-- 0.00
650 #0 - SUBJECT ADDED ENTRY--TOPICAL TERM
Topical term or geographic name entry element CALCULUS
995 ## -
-- SHORT LOAN BOOKS
-- 0.00
-- 725327
-- CBU-MAIN LIBRARY (Kitwe)
-- 2
-- 33.00
-- QA 303 Hof
-- 4
-- AVAILABLE
-- 020249
-- Short Loan Collection
995 ## -
-- SHORT LOAN BOOKS
-- 0.00
-- 725326
-- CBU-MAIN LIBRARY (Kitwe)
-- 1
-- 33.00
-- QA 303 Hof
-- 1
-- AVAILABLE
-- 011851
-- Short Loan Collection
995 ## -
-- SHORT LOAN BOOKS
-- 0.00
-- 725325
-- CBU-MAIN LIBRARY (Kitwe)
-- 3
-- 33.00
-- QA 303 Hof
-- 3
-- AVAILABLE
-- 019024
-- Short Loan Collection
995 ## -
-- SHORT LOAN BOOKS
-- 0.00
-- 725324
-- CBU-MAIN LIBRARY (Kitwe)
-- 4
-- 33.00
-- QA 303 Hof
-- 2
-- AVAILABLE
-- 018349
-- Short Loan Collection
999 ## -
-- 77997
-- 77997
Holdings
Withdrawn status Lost status Source of classification or shelving scheme Damaged status Not for loan Permanent Location Current Location Shelving location Date acquired Total Checkouts Full call number Barcode Date last seen Copy number Price effective from Koha item type
          CBU-MAIN LIBRARY, KITWE. CBU-MAIN LIBRARY, KITWE.   05/03/2023   QA 303 Hof 020249 05/03/2023 1 05/03/2023 SHORT LOAN COLLECTION
          CBU-MAIN LIBRARY, KITWE. CBU-MAIN LIBRARY, KITWE.   05/03/2023   QA 303 Hof 011851 05/03/2023 2 05/03/2023 SHORT LOAN COLLECTION
          CBU-MAIN LIBRARY, KITWE. CBU-MAIN LIBRARY, KITWE.   05/03/2023   QA 303 Hof 019024 05/03/2023 3 05/03/2023 SHORT LOAN COLLECTION
          CBU-MAIN LIBRARY, KITWE. CBU-MAIN LIBRARY, KITWE.   05/03/2023   QA 303 Hof 018349 05/03/2023 4 05/03/2023 SHORT LOAN COLLECTION